MANAGEMENT TEXT AND CASES (Record no. 8828)

MARC details
000 -LEADER
fixed length control field 00544nam a22001697a 4500
003 - CONTROL NUMBER IDENTIFIER
control field SGT
020 ## - INTERNATIONAL STANDARD BOOK NUMBER
International Standard Book Number 9789350620588
082 ## - DEWEY DECIMAL CLASSIFICATION NUMBER
Classification number 658,RAO
100 ## - MAIN ENTRY--PERSONAL NAME
Personal name RAO,V S P
245 ## - TITLE STATEMENT
Title MANAGEMENT TEXT AND CASES
250 ## - EDITION STATEMENT
Edition statement 2ND
260 ## - PUBLICATION, DISTRIBUTION, ETC. (IMPRINT)
Place of publication, distribution, etc NEW DELHI
Name of publisher, distributor, etc EXCAL PUBLICATION
Year of Publication 2012
300 ## - PAGE DESCRIPTION
No. of Pages 804
650 ## - SUBJECT ADDED ENTRY--TOPICAL TERM
Topical term or geographic name as entry element MANAGEMENT
653 ## - KEYWORDS--INDEX TERM
Keyword term NUMBER OF MANAGEMENT,MANAGERIAL ROLES AND CHALLENGES,DEVELOPMENT OF MANAGEMENT THOUGHT,COORDINATION,PLANNING AND FORECASTING,DECISION-MAKING AND MIS,CREATIVITY AND INNOVATION,DEPARTMENTATION
942 ## - ADDED ENTRY ELEMENTS (KOHA)
Source of classification or shelving scheme Dewey Decimal Classification
Koha item type FCM Books
942 ## - ADDED ENTRY ELEMENTS (KOHA)
-- 4
Holdings
Withdrawn status Lost status Source of classification or shelving scheme Damaged status Not for loan Home library Current library Shelving location Date acquired Vendor Name Cost, normal purchase price SGTU Bill Number Total Checkouts Full call number Accession No. (Barcode) Date last seen Date last borrowed Bill Date Koha item type
    Dewey Decimal Classification     SGT Science & Social Sciences Library SGT Science & Social Sciences Library Text Book 30/05/2016 IBH 470.00 SGTU 8777 14 658,RAO CM5 16/08/2022 16/08/2022 22/08/2013 FCM Books